000 00189 a2200097 4500
001 18448
100 _aMcGraw-Hill
245 _a
260 _a
_bPan books ltd
_c1973
090 _c13687
_d13687
942 _aNUST-CAE
_c
_c4099
999 _c253521
_d253521